000 00840am a2200337a 44500
003 AR-BaBNM
005 20251128203513.0
008 148019s1979 #AR|||||||||||000 | esp||
040 _cAR-BaBNM
100 1 _aCardenas, Manuel Augusto
245 1 0 _aLos ideales de José Manuel Estrada
260 _aBuenos Aires
_bEudeba
_c1979
300 _a251 p.
490 0 _aEnsayos
504 _aCronología y bibliografía: p. 249-250
650 4 _aTEORIA POLITICA
650 4 _aPOLITICA
650 4 _aIGLESIA Y ESTADO
650 4 _aSOCIALISMO
650 4 _aCIENCIAS POLITICAS
650 4 _aEDUCACION
650 4 _aFAMILIA
650 4 _aDEMOCRACIA
650 4 _aSISTEMAS SOCIALES
650 4 _aCATOLICISMO
650 4 _aETICA
650 4 _aHISTORIA DE LAS IDEAS
651 4 _aArgentina
942 _cBK
998 _cMariana
999 _c3680
_d3680